00908nab a22002057a 4500003000400000005001700004008004100021040000700062100003100069245010900100300001500209500003600224505009600260505010200356650002300458650001500481650002800496650002900524773014900553OSt20260120234022.0190514b xxu||||| |||| 00| 0 spa d cPJ aGarcía Sindes, Milagros 10aReflexión en torno a la revocabilidad de la adopción por integración /cMilagros García Sindes.  ap. 127-131 aCita: TR LALEY AR/DOC/250/2024. aSumario: I. Hechos.— II. Derecho.— III. Aplicación del derecho.— IV. Conclusión.  tFallo comentado: JFamilia 5a Nom., Córdoba ~ 29/12/2022 ~ L., R. M. s/ adopción integradora. 0aDERECHO DE FAMILIA 0aADOPCIÓN 0aADOPCION DE INTEGRACION 0aJURISPRUDENCIA APLICABLE0 02844dBuenos Aires : AbeledoPerrot, 1989-tDerecho de familia. Revista Interdisciplinaria de doctrina y jurisprudencia. Abril 2024-II.z18511201